| 000 | 00745nam a2200229 i 4500 | ||
|---|---|---|---|
| 001 | bg | ||
| 100 | 1 | _aROKITA, Jerzy | |
| 245 | 1 | 0 |
_aZarządzanie strategiczne : _btworzenie i utrzymywanie przewagi konkurencyjnej / _cJerzy Rokita. |
| 260 |
_aWarszawa : _bPolskie Wydawnictwo Ekonomiczne, _c2005. |
||
| 300 |
_a348 s. ; _c24 cm. |
||
| 504 | _aBibliogr. przy rozdz. | ||
| 650 | 9 | _aZarządzanie strategiczne | |
| 655 | _aPodręczniki akademickie | ||
| 020 | _a8320815525 | ||
| 040 | _cBPK | ||
| 041 | 0 | _apol | |
| 080 | _a658.1/.5.012.4(075.8) | ||
| 920 | _a83-208-1552-5 | ||
| 942 | _cKS | ||
| 008 | s pl f |000 0 pol | ||
| 999 |
_c52982 _d52982 |
||
| 856 |
_uhttp://koha.tu.koszalin.pl/cgi-bin/koha/opac-detail.pl?biblionumber=52982 _yKatalog online BPK |
||